00865cam a2200241 a 4500001000500000005001700005020001500022040002300037050002200060082001000082100003300092245008200125250004400207260003600251300005800287505000800345520011500353521002000468521002000488650005500508650003400563700002600597315620240214160234.0 a0590273396 aDLCcDLCdDLCbeng00aPC4445.E49b 199600a468.11 aElya, Susan Middletond1955-10aSay hola to Spanish /cby Susan Middleton Elya ; illustrated by Loretta Lopez aFirst Scholastic printing , April 1998  aNew York :bScholastic , c1996 a30 unnumbered pages : bcolor illustrations ;c26 cm. aH  aIntroduces Spanish by defining such common words as "hola" ("hello"), "perro" ("dog"), and "madre" ("mother"). a450 bLexile  aH bRaz-Plus  0aSpanish languagexVocabularyxJuvenile literature. 1aSpanish languagexVocabulary.1 aLopez, Lorettad1963-